000 00782nam a22001937a 4500
005 20180618150646.0
010 _a1718EN-30 B-686567-571
020 _a9788129145000
_c595.00
035 _aB-686567-571
037 _bPansy Books
_adpl
082 _a338.7667832092
100 _aBouquet, Tim
245 _aThe man behind the wheel :
_cby Tim Bouquet
_bhow Onkar S. Kanwar created a global giant /
260 _aNew Delhi
_bRupa Pub.
_c2016
270 _a7/16, Ansari Road, Daryaganj,
_bNew Delhi
_e110002
300 v _aviii,258p.
_c23cm(Hb)
942 _2ddc
_cEN
_mBOU
_h338.7667832092
999 _c145882
_d145882